Normal view
MARC view
- Transportation
Entry Topical Term
001 - CONTROL NUMBER
- control field: 22457
003 - CONTROL NUMBER IDENTIFIER
- control field: NUST
005 - DATE AND TIME OF LATEST TRANSACTION
- control field: 20191002154549.0
008 - FIXED-LENGTH DATA ELEMENTS
- fixed length control field: 191002|| aca||aabn | a|a d
040 ## - CATALOGING SOURCE
- Original cataloging agency: NUST
- Transcribing agency: NUST
150 ## - HEADING--TOPICAL TERM
- Topical term or geographic name entry element: Transportation
- General subdivision: Research
- Geographic subdivision: United States
- Geographic subdivision: States
- General subdivision: Management.
670 ## - SOURCE DATA FOUND
- Source citation: Work cat.: (NUST)0: Sabol, Scott A. 22455, Performance measures for research, development, and technology programs /, 2001.
